"Safe haven" London? No way (Record no. 83765)

MARC details
000 -LEADER
fixed length control field 00789cab a22001935a 4500
001 - CONTROL NUMBER
control field L154969
008 - FIXED-LENGTH DATA ELEMENTS--GENERAL INFORMATION
fixed length control field 120213s2012 xxk 000 0 eng d
035 ## - SYSTEM CONTROL NUMBER
System control number (Sirsi) u154969
041 0# - LANGUAGE CODE
Language code of text/sound track or separate title eng
100 1# - MAIN ENTRY--PERSONAL NAME
Personal name Barris, Roger
245 01 - TITLE STATEMENT
Title "Safe haven" London? No way
260 ## - PUBLICATION, DISTRIBUTION, ETC.
Date of publication, distribution, etc. 2012
490 #0 - SERIES STATEMENT
Series statement EuroProperty
Volume/sequential designation 6 February, 2012, 12-13(2)
520 ## - SUMMARY, ETC.
Summary, etc. London's ties to financial services render its property market too volatile for long-term comfort. Paris (except for La Defense submarket ) and Germany in general are safer havens than London. Capital preservation is not one of the good reasons for continuing to invest in London. Graphs track London capital values against the FTSE 100.
590 ## - LOCAL NOTE (RLIN)
Local note KA
651 #4 - SUBJECT ADDED ENTRY--GEOGRAPHIC NAME
Geographic name London
690 ## - LOCAL SUBJECT ADDED ENTRY--TOPICAL TERM (OCLC, RLIN)
Topical term or geographic name as entry element Commercial property
9 (RLIN) 6227
942 ## - ADDED ENTRY ELEMENTS (KOHA)
Suppress in OPAC 0
Holdings
Withdrawn status Lost status Source of classification or shelving scheme Damaged status Not for loan Home library Current library Shelving location Date acquired Total Checkouts Full call number Barcode Date last seen Copy number Price effective from Koha item type
    Dewey Decimal Classification     London London Journal article 13/02/2012   L154969 154969-1001 06/08/2019 1 06/08/2019 Journal article